[Event "22nd ch-EUR Indiv 2022"]
[Site "Terme Catez SLO"]
[Date "2022.04.04"]
[Round "9.12"]
[White "Areshchenko, Alexander"]
[Black "Moroni, Luca Jr"]
[Result "1/2-1/2"]
[WhiteTitle "GM"]
[BlackTitle "GM"]
[WhiteElo "2670"]
[BlackElo "2588"]
[WhiteFideId "14109530"]
[BlackFideId "865834"]
[EventDate "2022.03.27"]

1. e4 e5 2. Nf3 Nc6 3. Bb5 a6 4. Ba4 Nf6 5. O-O Nxe4 6. d4 Be7 7. Re1 b5 8. Rxe4
d5 9. Nxe5 Nxe5 10. Rxe5 bxa4 11. Qe2 Be6 12. f4 g6 13. Nc3 a3 14. b3 O-O 15.
Na4 Bb4 16. c3 Bd6 17. Nc5 Bf5 18. Rxd5 Re8 19. Re5 Bxc5 20. dxc5 f6 21. Rxe8+
Qxe8 22. Qxe8+ Rxe8 23. Kf2 Rd8 24. Be3 Rd3 25. Rc1 Kf7 26. c4 c6 27. b4 Be6 28.
h3 h5 29. Kf3 Rd8 30. Ke2 Rd7 31. Bf2 Rd8 32. Ke3 Bf5 33. Rc3 Re8+ 34. Kd2 Rd8+
35. Ke2 Be6 36. b5 axb5 37. cxb5 Bxa2 38. b6 Ra8 39. b7 Rb8 40. Rxa3 Bc4+ 1/2-1/2

[Event "22nd ch-EUR Indiv 2022"]
[Site "Terme Catez SLO"]
[Date "2022.04.04"]
[Round "9.13"]
[White "Tari, Aryan"]
[Black "Asadli, Vugar"]
[Result "1/2-1/2"]
[WhiteTitle "GM"]
[BlackTitle "GM"]
[WhiteElo "2653"]
[BlackElo "2579"]
[WhiteFideId "1510045"]
[BlackFideId "13405764"]
[EventDate "2022.03.27"]

1. e4 c5 2. Nf3 Nf6 3. e5 Nd5 4. Nc3 e6 5. Ne4 d6 6. Bb5+ Bd7 7. Bxd7+ Qxd7 8.
O-O Nc6 9. exd6 Bxd6 10. d4 cxd4 11. Nxd4 Be7 12. Bg5 1/2-1/2

[Event "22nd ch-EUR Indiv 2022"]
[Site "Terme Catez SLO"]
[Date "2022.04.04"]
[Round "9.14"]
[White "Prohaszka, Peter2"]
[Black "Ragger, Markus"]
[Result "1/2-1/2"]
[WhiteTitle "GM"]
[BlackTitle "GM"]
[WhiteElo "2573"]
[BlackElo "2647"]
[WhiteFideId "726265"]
[BlackFideId "1610856"]
[EventDate "2022.03.27"]

1. d4 Nf6 2. c4 g6 3. Nc3 d5 4. cxd5 Nxd5 5. e4 Nxc3 6. bxc3 Bg7 7. Nf3 c5 8.
Bb5+ Nc6 9. O-O O-O 10. Bxc6 bxc6 11. Qc2 cxd4 12. cxd4 Bg4 13. Ne5 Qxd4 14. Bb2
Qb6 15. Rab1 Bxe5 16. Bxe5 Qa5 17. Bc3 Qc5 18. Qb2 a5 19. Bd4 Qd6 20. Qc3 Be2
21. Rfe1 Bb5 22. a4 Bxa4 23. Bh8 f6 24. e5 Qd8 25. exf6 exf6 26. Rb7 Rf7 27.
Rxf7 Kxf7 28. h4 Qxh8 29. Qc4+ Kf8 30. Qxa4 Re8 31. Rxe8+ Kxe8 32. Qxc6+ Kf8 33.
Qc7 Qg8 34. Qxa5 1/2-1/2

[Event "22nd ch-EUR Indiv 2022"]
[Site "Terme Catez SLO"]
[Date "2022.04.04"]
[Round "9.15"]
[White "Kuzubov, Yuriy"]
[Black "Can, Emre"]
[Result "1/2-1/2"]
[WhiteTitle "GM"]
[BlackTitle "GM"]
[WhiteElo "2639"]
[BlackElo "2578"]
[WhiteFideId "14112906"]
[BlackFideId "6302181"]
[EventDate "2022.03.27"]

1. d4 d5 2. c4 e6 3. Nc3 c6 4. e3 Nf6 5. Nf3 Nbd7 6. Be2 Bd6 7. b3 O-O 8. Bb2 b6
9. O-O Bb7 10. Qc2 Qe7 11. Rad1 Rad8 12. cxd5 exd5 13. Nd2 Rfe8 14. Bf3 c5 15.
Ne2 Ne4 16. Ng3 Nxg3 17. hxg3 Nf6 18. Rfe1 Rc8 19. dxc5 Bxc5 20. Qd3 Ne4 21. Bg4
Rcd8 22. Nxe4 dxe4 23. Qc3 Qf8 24. Rxd8 Rxd8 25. Rd1 Rxd1+ 26. Bxd1 Bb4 27. Qd4
Bc5 28. Qa4 a6 29. Qc4 Qd6 30. Bh5 Qd5 31. Qc3 f6 32. Be2 Qd6 33. g4 h6 34. a4
Kf8 35. Qc2 a5 36. Bc4 Qd7 37. Be2 Ke7 38. Bc3 Qd6 39. Bc4 Qd7 40. Qe2 Bc8 41.
g5 hxg5 42. Qh5 Kd8 43. Bb5 Qe7 44. Qh2 Bd6 45. Qh8+ Kc7 46. Bd4 Qf8 47. Qh7 Bb7
48. Qf5 Qe7 49. g3 Bc5 50. Bxc5 bxc5 51. Bc4 Bc6 52. Qh7 Qf8 53. Kg2 f5 54. Qh5
Qf6 55. Kg1 Kb7 56. Qd1 f4 57. Qd2 fxg3 58. fxg3 Qf3 59. Kh2 Qf6 60. Kg2 Kb6 61.
Be2 Qe7 62. Bc4 Bd7 63. Qd5 Bc6 64. Qd2 Qd7 65. Qxd7 Bxd7 66. Kf2 Kc7 67. Ke1
Kd6 68. Kd2 Be6 69. Kc3 Bxc4 70. bxc4 Ke5 71. g4 1/2-1/2

[Event "22nd ch-EUR Indiv 2022"]
[Site "Terme Catez SLO"]
[Date "2022.04.04"]
[Round "9.16"]
[White "Sargsyan, Shant"]
[Black "Yuffa, Daniil"]
[Result "0-1"]
[WhiteTitle "GM"]
[BlackTitle "GM"]
[WhiteElo "2639"]
[BlackElo "2576"]
[WhiteFideId "13306766"]
[BlackFideId "24131423"]
[EventDate "2022.03.27"]

1. e4 c5 2. Nf3 Nc6 3. Bb5 e5 4. O-O Bd6 5. d4 Nxd4 6. Bc4 h6 7. c3 Nxf3+ 8.
Qxf3 Nf6 9. Rd1 Bc7 10. Qg3 g5 11. b4 Qe7 12. Qd3 d6 13. a4 cxb4 14. cxb4 Bg4
15. Rd2 O-O 16. Nc3 Bb6 17. Ba3 Rac8 18. Rc1 Be6 19. Bxe6 Qxe6 20. a5 Bd4 21.
Ne2 Rxc1+ 22. Bxc1 Rc8 23. Ba3 Rc4 24. Rc2 Rxc2 25. Qxc2 d5 26. Nxd4 exd4 27.
Bb2 Qxe4 28. Qd1 Nh5 29. Kf1 Nf4 30. f3 Qe8 31. Bxd4 Qb5+ 32. Kf2 Qxb4 33. g3
Ne6 34. Bxa7 Qxa5 35. Be3 Qa2+ 36. Kg1 d4 37. Bf2 b5 38. f4 Qd5 39. Be3 Qe4 0-1

[Event "22nd ch-EUR Indiv 2022"]
[Site "Terme Catez SLO"]
[Date "2022.04.04"]
[Round "9.17"]
[White "Mchedlishvili, Mikheil"]
[Black "Petrosyan, Manuel"]
[Result "1/2-1/2"]
[WhiteTitle "GM"]
[BlackTitle "GM"]
[WhiteElo "2584"]
[BlackElo "2637"]
[WhiteFideId "13600966"]
[BlackFideId "13300857"]
[EventDate "2022.03.27"]

1. d4 Nf6 2. c4 e6 3. Nf3 d5 4. Nc3 Bb4 5. Bg5 h6 6. Bxf6 Qxf6 7. Qa4+ Nc6 8. e3
O-O 9. Be2 dxc4 10. O-O Qe7 11. Bxc4 Bxc3 12. bxc3 Bd7 13. Qc2 Na5 14. Be2 c5
15. Ne5 Rfd8 16. Qe4 Be8 17. Bd3 f5 18. Qf4 Nc6 19. Bc4 b5 20. Bb3 c4 21. Bd1
Nxe5 22. Qxe5 Qd6 23. Qxd6 Rxd6 24. a4 Ra6 25. Bf3 Rb8 26. axb5 Bxb5 27. Rxa6
Bxa6 28. Ra1 Rb3 29. Bc6 Bb5 30. Bxb5 Rxb5 31. h3 Rb3 32. Rxa7 Kf8 33. g4 Rxc3
34. gxf5 exf5 35. Kg2 Rc2 36. Rc7 c3 37. h4 g5 38. hxg5 hxg5 39. Rc5 f4 40. exf4
gxf4 41. Kf3 1/2-1/2

[Event "22nd ch-EUR Indiv 2022"]
[Site "Terme Catez SLO"]
[Date "2022.04.04"]
[Round "9.18"]
[White "Martirosyan, Haik M."]
[Black "Nesterov, Arseniy"]
[Result "1-0"]
[WhiteTitle "GM"]
[BlackTitle "GM"]
[WhiteElo "2633"]
[BlackElo "2522"]
[WhiteFideId "13306553"]
[BlackFideId "24198455"]
[EventDate "2022.03.27"]

1. d4 d5 2. c4 c6 3. Nf3 Nf6 4. Nc3 e6 5. Bg5 dxc4 6. a4 Bb4 7. e4 c5 8. Bxc4 h6
9. Bxf6 Qxf6 10. O-O cxd4 11. e5 Qd8 12. Ne4 Nc6 13. Qc1 Bd7 14. Qf4 Qe7 15.
Rfc1 O-O-O 16. a5 a6 17. Bxa6 bxa6 18. Nxd4 Kb7 19. Qe3 Nxd4 20. Qxd4 Rc8 21.
Nd6+ Bxd6 22. Qb6+ Ka8 23. Qxa6+ Kb8 24. Qb6+ Ka8 25. exd6 Qg5 26. Qa6+ Kb8 27.
Rc7 Rxc7 28. dxc7+ Kxc7 29. Qb6+ Kc8 30. a6 1-0

[Event "22nd ch-EUR Indiv 2022"]
[Site "Terme Catez SLO"]
[Date "2022.04.04"]
[Round "9.19"]
[White "Abasov, Nijat"]
[Black "Brunello, Sabino"]
[Result "1-0"]
[WhiteTitle "GM"]
[BlackTitle "GM"]
[WhiteElo "2630"]
[BlackElo "2508"]
[WhiteFideId "13402960"]
[BlackFideId "813613"]
[EventDate "2022.03.27"]

1. e4 e5 2. Nf3 Nc6 3. Bc4 Bc5 4. d3 Nf6 5. O-O O-O 6. Nc3 h6 7. Be3 Bxe3 8.
fxe3 d6 9. d4 exd4 10. exd4 Nxe4 11. Nxe4 d5 12. Bd3 dxe4 13. Bxe4 Ne7 14. Ne5
f6 15. Nc4 c6 16. c3 Be6 17. Bd3 Kh8 18. Qf3 Qc7 19. Rae1 Bg8 20. Ne3 Rae8 21.
Qh5 Bh7 22. Bxh7 Kxh7 23. Ng4 Qd7 24. Rxf6 Nd5 25. Rxe8 Rxf6 26. h3 Rf7 27. Qe5 1-0

[Event "22nd ch-EUR Indiv 2022"]
[Site "Terme Catez SLO"]
[Date "2022.04.04"]
[Round "9.20"]
[White "Durarbayli, Vasif"]
[Black "Wieczorek, Oskar"]
[Result "1-0"]
[WhiteTitle "GM"]
[BlackTitle "GM"]
[WhiteElo "2628"]
[BlackElo "2500"]
[WhiteFideId "13402935"]
[BlackFideId "1133950"]
[EventDate "2022.03.27"]

1. e4 e5 2. Nf3 Nc6 3. Bb5 a6 4. Ba4 d6 5. O-O Bd7 6. d4 Nxd4 7. Bxd7+ Qxd7 8.
Nxd4 exd4 9. Qxd4 Nf6 10. b3 Be7 11. Bb2 O-O 12. Nc3 c6 13. Ne2 Rad8 14. Rad1
Qe6 15. f3 d5 16. Nf4 Qc8 17. e5 Ne8 18. Kh1 Nc7 19. Nh5 c5 20. Qd3 d4 21. f4 f5
22. exf6 Bxf6 23. c3 Nb5 24. Nxf6+ gxf6 25. cxd4 cxd4 26. Rc1 Nc3 27. Bxc3 dxc3
28. Qg3+ Kh8 29. Rxc3 Qf5 30. Rc7 Rg8 31. Qf2 Rg7 32. Rxg7 Kxg7 33. Re1 Rd7 34.
h3 h5 35. Kh2 Kh7 36. Qf3 Rg7 37. Rd1 h4 38. Rd5 Qg6 39. Rh5+ Kg8 40. Rxh4 f5
41. Qd5+ 1-0

[Event "22nd ch-EUR Indiv 2022"]
[Site "Terme Catez SLO"]
[Date "2022.04.04"]
[Round "9.21"]
[White "Yilmaz, Mustafa"]
[Black "Parkhov, Yair"]
[Result "1-0"]
[WhiteTitle "GM"]
[BlackTitle "IM"]
[WhiteElo "2624"]
[BlackElo "2450"]
[WhiteFideId "6302718"]
[BlackFideId "2813408"]
[EventDate "2022.03.27"]

1. Nf3 Nf6 2. c4 c5 3. Nc3 e6 4. g3 d5 5. cxd5 exd5 6. d4 Nc6 7. Bg2 cxd4 8.
Nxd4 Bc5 9. Nb3 Bb6 10. O-O d4 11. Na4 O-O 12. Re1 Be6 13. Bg5 h6 14. Bxf6 Qxf6
15. Nbc5 Qe7 16. Rc1 Rac8 17. Nxe6 Qxe6 18. a3 Na5 19. Qd3 Nb3 20. Rxc8 Rxc8 21.
Bxb7 Rc1 22. Rxc1 Nxc1 23. Qc2 Nxe2+ 24. Kf1 d3 25. Qxd3 Nd4 26. Nxb6 Qxb6 27.
Qe4 Ne6 28. b4 Ng5 29. Qc6 Qd4 30. Qe8+ Kh7 31. h4 Qc4+ 32. Kg2 Qc7 33. Ba8 Ne6
34. Be4+ g6 35. h5 Kg7 36. hxg6 Ng5 37. gxf7 Nxf7 38. Bd5 Ng5 39. Qg8+ Kf6 40.
Qf8+ Kg6 41. Qf4 Qd7 42. Qd4 Qh3+ 43. Kg1 Qf5 44. f4 Qb1+ 45. Kf2 Qc2+ 46. Ke1
Qc1+ 47. Ke2 Nh3 48. Qe4+ Kf6 49. Qe6+ 1-0

[Event "22nd ch-EUR Indiv 2022"]
[Site "Terme Catez SLO"]
[Date "2022.04.04"]
[Round "9.22"]
[White "Kozul, Zdenko"]
[Black "Samunenkov, Ihor"]
[Result "1-0"]
[WhiteTitle "GM"]
[BlackTitle "FM"]
[WhiteElo "2619"]
[BlackElo "2372"]
[WhiteFideId "14502879"]
[BlackFideId "14187086"]
[EventDate "2022.03.27"]

1. d4 d5 2. c4 e6 3. Nf3 Nf6 4. Nc3 a6 5. e3 Nbd7 6. b3 b6 7. Bd3 Bd6 8. O-O O-O
9. Qc2 c5 10. cxd5 exd5 11. Ne2 Bb7 12. Ng3 g6 13. Bb2 Qe7 14. Rac1 Ne4 15. dxc5
Ndxc5 16. Qd1 h5 17. Bb1 Ne6 18. Nd4 Nxg3 19. hxg3 Nc5 20. b4 Ne4 21. Nc6 Qe6
22. Qd4 f6 23. Bxe4 Qxe4 24. Qxe4 dxe4 25. Rfd1 Bxc6 26. Rxd6 Bb5 27. Rxb6 Rac8
28. Rc5 Rxc5 29. bxc5 Rc8 30. Rxf6 Rxc5 31. Rxg6+ Kh7 32. Re6 Rc2 33. Bd4 Rc1+
34. Kh2 Rc2 35. g4 hxg4 36. Kg3 Bd3 37. a3 Ra2 38. Bc5 Kg7 39. Re5 Kg6 40. Re8
Rc2 41. Bb4 Kg7 42. Re6 Kf7 43. Rh6 Kg7 44. Rh4 Be2 45. Kf4 Bd1 46. Rh1 Rc1 47.
Re1 Kf6 48. Kxe4 Bc2+ 49. Kf4 Rxe1 50. Bxe1 Bd1 51. e4 Ke6 52. f3 gxf3 53. gxf3
Kf6 54. Ke3 Ke6 55. f4 Bc2 56. f5+ Kf7 57. Kf4 Ba4 58. e5 Bd7 59. Bb4 Bc8 60. a4
a5 61. Bxa5 Bd7 62. Bb4 Bxa4 63. e6+ Kg8 64. f6 Be8 65. Kg5 1-0

[Event "22nd ch-EUR Indiv 2022"]
[Site "Terme Catez SLO"]
[Date "2022.04.04"]
[Round "9.23"]
[White "Blohberger, Felix"]
[Black "Ivic, Velimir"]
[Result "1/2-1/2"]
[WhiteTitle "GM"]
[BlackTitle "GM"]
[WhiteElo "2504"]
[BlackElo "2610"]
[WhiteFideId "1632051"]
[BlackFideId "950122"]
[EventDate "2022.03.27"]

1. e4 c6 2. d4 d5 3. e5 c5 4. Nf3 cxd4 5. Nxd4 Nc6 6. Nxc6 bxc6 7. Bd3 e6 8. O-O
Ne7 9. Nd2 a5 10. Qg4 Ba6 11. c4 Ng6 12. Nf3 Be7 13. Re1 Bxc4 14. Bxc4 dxc4 15.
Qxc4 Qd5 16. Qc2 O-O 17. Bg5 Bxg5 18. Nxg5 Rfd8 19. b3 a4 20. bxa4 Qd2 21. Qxd2
Rxd2 22. Nf3 Rb2 23. Rec1 Rxa4 24. Rxc6 h6 25. Rc8+ Kh7 26. g3 Ra3 27. Kg2 Ne7
28. Rcc1 Nd5 29. Rcb1 Rbxa2 30. Rxa2 Rxa2 31. Rb3 g5 32. h3 Kg6 33. Kf1 Ra1+ 34.
Kg2 Ra2 35. Kf1 Ra4 36. Kg2 Re4 37. Rb8 Kg7 38. Rb3 Ne7 39. Rc3 Rb4 40. Rc7 Nd5
41. Rc2 Kg6 42. Rc8 Rb2 43. Kg1 Kf5 44. Rf8 Rb7 45. Kg2 Ke4 46. Nh2 Kxe5 47.
Ng4+ Kd6 48. Nxh6 f5 49. Nxf5+ exf5 50. Rxf5 Rg7 51. h4 gxh4 52. Kh2 hxg3+ 53.
fxg3 Ke6 54. Rf8 Ke5 55. Kg2 Nf6 56. Ra8 Rb7 57. g4 Kf4 58. Rf8 Rb2+ 59. Kf1 Kg5
60. Ke1 Ne4 61. Rf5+ Kxg4 62. Rf8 Ng3 63. Kd1 Nf5 64. Kc1 Rh2 65. Rg8+ Kf4 66.
Re8 Nd6 67. Rd8 Ne4 68. Rd3 Ke5 69. Rd8 Nc5 70. Kd1 Nb3 71. Ke1 Nd4 72. Re8+ Kd5
73. Kf1 Ra2 74. Re3 Nf5 75. Re8 Kd4 76. Kg1 Ne3 77. Rd8+ Ke4 78. Re8+ Kd3 79.
Rd8+ Ke2 80. Rf8 Ra7 81. Kh2 Rg7 82. Kh3 Ng2 83. Ra8 Kf3 84. Ra3+ Ne3 85. Kh4
Rg1 86. Kh5 Kf4 87. Ra4+ Ke5 88. Ra5+ Nd5 89. Kh4 Rg8 90. Kh3 Ke6 91. Ra6+ Kf5
92. Ra5 Ke4 93. Ra4+ Kf3 94. Ra3+ Ne3 95. Kh4 Rg2 96. Kh5 Ke4 97. Ra4+ Nc4 1/2-1/2

[Event "22nd ch-EUR Indiv 2022"]
[Site "Terme Catez SLO"]
[Date "2022.04.04"]
[Round "9.24"]
[White "Kryvoruchko, Yuriy"]
[Black "Lodici, Lorenzo"]
[Result "1/2-1/2"]
[WhiteTitle "GM"]
[BlackTitle "GM"]
[WhiteElo "2683"]
[BlackElo "2537"]
[WhiteFideId "14109182"]
[BlackFideId "884189"]
[EventDate "2022.03.27"]

1. e4 c6 2. Nf3 d5 3. Nc3 Nf6 4. e5 Ne4 5. Ne2 Qb6 6. d4 e6 7. Ng3 c5 8. Bd3
Nxg3 9. fxg3 Nc6 10. a3 cxd4 11. O-O Be7 12. b4 h6 13. Qe2 Bd7 14. Bd2 Rg8 15.
Qf2 f5 16. b5 Nd8 17. Nxd4 Bc5 18. Be3 Rc8 19. Rfe1 Rf8 20. a4 Kf7 21. a5 Qc7
22. Nb3 b6 23. axb6 Bxb6 24. Bxb6 axb6 25. g4 g6 26. Qd4 Kg8 27. gxf5 gxf5 28.
g4 Nf7 29. gxf5 Ng5 30. Kh1 exf5 31. Qh4 d4 32. Qxh6 Qb7+ 33. Be4 Nxe4 34. Qg6+
Kh8 35. Qh6+ Kg8 36. Qg6+ 1/2-1/2

[Event "22nd ch-EUR Indiv 2022"]
[Site "Terme Catez SLO"]
[Date "2022.04.04"]
[Round "9.25"]
[White "Dardha, Daniel"]
[Black "Grandelius, Nils"]
[Result "1/2-1/2"]
[WhiteTitle "GM"]
[BlackTitle "GM"]
[WhiteElo "2540"]
[BlackElo "2663"]
[WhiteFideId "240990"]
[BlackFideId "1710400"]
[EventDate "2022.03.27"]

1. d4 Nf6 2. c4 e6 3. g3 Bb4+ 4. Bd2 Be7 5. Bg2 d5 6. Nf3 O-O 7. O-O c6 8. Qc2
Nbd7 9. Rd1 a5 10. Bf4 a4 11. a3 h6 12. Nc3 dxc4 13. Ne5 Nxe5 14. dxe5 Nd7 15.
Rd4 Qc7 16. Rxc4 Nxe5 17. Rxa4 Rxa4 18. Nxa4 Bg5 19. e3 Bf6 20. g4 Rd8 21. Rd1
Rxd1+ 1/2-1/2

[Event "22nd ch-EUR Indiv 2022"]
[Site "Terme Catez SLO"]
[Date "2022.04.04"]
[Round "9.26"]
[White "Halkias, Stelios"]
[Black "Svane, Rasmus"]
[Result "0-1"]
[WhiteTitle "GM"]
[BlackTitle "GM"]
[WhiteElo "2527"]
[BlackElo "2637"]
[WhiteFideId "4201809"]
[BlackFideId "4657101"]
[EventDate "2022.03.27"]

1. Nf3 d5 2. d4 Nf6 3. c4 e6 4. g3 Be7 5. Bg2 O-O 6. O-O dxc4 7. Qc2 a6 8. a4
Bd7 9. Rd1 Bc6 10. Nc3 Bxf3 11. Bxf3 Nc6 12. Bxc6 bxc6 13. Bg5 Rb8 14. Bxf6 Bxf6
15. Rab1 Qe7 16. e3 h6 17. Ne4 Rb4 18. b3 e5 19. bxc4 Rxb1 20. Qxb1 exd4 21.
Nxf6+ Qxf6 22. Rxd4 Rd8 23. Rxd8+ Qxd8 24. a5 Qd2 25. Qb8+ Kh7 26. Qb1+ g6 27.
Qa1 c5 28. Qa4 Qd3 29. h4 Qb1+ 30. Kg2 Qb4 31. Qa2 Qc3 32. Qa4 Kg7 33. Kg1 Qe5
34. Qd1 h5 35. Qc1 Kf6 36. Kf1 Ke6 37. Ke2 Kf5 38. Qb1+ Kg4 39. Qb7 Qf5 40. Qxc7
Qc2+ 41. Ke1 Qc1+ 42. Ke2 Qxc4+ 43. Ke1 Kh3 44. g4 Qb4+ 45. Kf1 Qxg4 46. Qd6 c4
47. Ke1 c3 48. Qxa6 c2 49. Qf1+ Kh2 50. Kd2 Qb4+ 51. Kxc2 Qa4+ 52. Kb2 Qxa5 53.
Qd3 Qb4+ 54. Kc2 Qxh4 55. Qd6+ Kg1 56. f4 Qf2+ 57. Kd3 h4 58. Qf6 h3 59. Qxf7 h2
60. Qxg6+ Qg2 61. Qh5 h1=Q 0-1

[Event "22nd ch-EUR Indiv 2022"]
[Site "Terme Catez SLO"]
[Date "2022.04.04"]
[Round "9.27"]
[White "Ponomariov, Ruslan"]
[Black "Kulaots, Kaido"]
[Result "1-0"]
[WhiteTitle "GM"]
[BlackTitle "GM"]
[WhiteElo "2636"]
[BlackElo "2527"]
[WhiteFideId "14103320"]
[BlackFideId "4500261"]
[EventDate "2022.03.27"]

1. e4 c5 2. Nf3 d6 3. d4 cxd4 4. Nxd4 Nf6 5. Nc3 a6 6. Be3 Ng4 7. Bg5 h6 8. Bh4
g5 9. Bg3 Bg7 10. Qd2 Nc6 11. Nb3 Nge5 12. f3 Na5 13. Nxa5 Qxa5 14. Nd5 Qxd2+
15. Kxd2 Rb8 16. h4 b5 17. hxg5 hxg5 18. Rxh8+ Bxh8 19. c3 e6 20. Nb4 a5 21.
Bxe5 Bxe5 22. Nc6 Rb6 23. Nxe5 dxe5 24. Bd3 Ke7 25. Rh1 Bd7 26. Rh8 Be8 27. a3
Rb8 28. Rg8 f6 29. Rg7+ Bf7 30. Rh7 Rb6 31. Be2 Rb8 32. b4 axb4 33. axb4 Rb7 34.
g4 Rb8 35. c4 bxc4 36. Kc3 Ra8 37. Bxc4 Ra3+ 38. Bb3 Ra7 39. b5 Kd6 40. Kb4 Re7
41. b6 1-0

[Event "22nd ch-EUR Indiv 2022"]
[Site "Terme Catez SLO"]
[Date "2022.04.04"]
[Round "9.29"]
[White "Nguyen, Thai Dai Van"]
[Black "Kelires, Andreas"]
[Result "1-0"]
[WhiteTitle "GM"]
[BlackTitle "GM"]
[WhiteElo "2623"]
[BlackElo "2536"]
[WhiteFideId "358878"]
[BlackFideId "5900727"]
[EventDate "2022.03.27"]

1. e4 e5 2. Nf3 Nc6 3. Bb5 a6 4. Ba4 Nf6 5. O-O Be7 6. Re1 b5 7. Bb3 O-O 8. a4
b4 9. d4 d6 10. dxe5 Nxe5 11. Nxe5 dxe5 12. Qe2 a5 13. Rd1 Ba6 14. Qf3 Qe8 15.
Bg5 Qc6 16. Nd2 Rad8 17. Nf1 h6 18. Bxf6 Qxf6 19. Qxf6 Bxf6 20. Ne3 Bg5 21. Nd5
c6 22. Nb6 Rxd1+ 23. Rxd1 Rb8 24. Nc4 Bxc4 25. Bxc4 Rd8 26. Rxd8+ Bxd8 27. Ba6
Kf8 28. Bb7 Ke7 29. Bxc6 Kd6 30. Be8 f6 31. Kf1 Bb6 32. c3 bxc3 33. bxc3 Ba7 34.
Ke2 Bb6 35. h4 Ba7 36. h5 Bb6 37. Kf3 Ba7 38. Kg3 Bb6 39. f3 Be3 40. Kg4 Bf2 41.
Kf5 Ke7 42. Bb5 Be3 43. c4 Bf2 44. Kg6 Kf8 45. Ba6 Be3 46. Bb5 Bf2 47. Ba6 Be3
48. g3 Bc5 49. f4 Bd6 50. Kf5 Ke7 51. Bb5 Bc7 52. c5 Bb8 53. Bc4 Bc7 54. Bf1 Kf7
55. Bc4+ Ke7 56. Bd5 Bb8 57. c6 Bc7 58. Bc4 Bb8 59. Bb5 Kf7 60. Ba6 Bc7 61. Bf1
Bb8 62. Be2 Bc7 63. Bd3 Bb8 64. Bf1 Bc7 65. Bc4+ Ke7 66. Bd5 Bb8 67. Kg6 Kf8 68.
f5 Bc7 69. g4 Bb6 70. Bc4 Bd8 71. Be2 Kg8 72. Bc4+ Kf8 73. Bb3 Bc7 74. g5 hxg5
75. h6 gxh6 76. Kxf6 g4 77. Bd1 h5 78. Ke6 Ke8 79. Be2 Bb8 80. Bb5 Kf8 81. Kd7
Kf7 82. c7 Bxc7 83. Kxc7 Kf6 84. Kd6 h4 85. Be2 Kg5 86. Kxe5 h3 87. Bf1 Kh4 88.
Kf4 g3 89. Kf3 1-0

[Event "22nd ch-EUR Indiv 2022"]
[Site "Terme Catez SLO"]
[Date "2022.04.04"]
[Round "9.30"]
[White "Bartel, Mateusz"]
[Black "Stefansson, Hannes"]
[Result "1/2-1/2"]
[WhiteTitle "GM"]
[BlackTitle "GM"]
[WhiteElo "2616"]
[BlackElo "2520"]
[WhiteFideId "1112635"]
[BlackFideId "2300087"]
[EventDate "2022.03.27"]

1. e4 e5 2. Nf3 Nc6 3. Bb5 a6 4. Ba4 Nf6 5. O-O Nxe4 6. d4 b5 7. Bb3 d5 8. dxe5
Be6 9. Be3 Be7 10. c3 O-O 11. Nbd2 Bg4 12. h3 Nxd2 13. hxg4 Nxf1 14. Kxf1 Na5
15. Bxd5 c6 16. Be4 Nc4 17. Qe2 Nxe3+ 18. Qxe3 Qd7 19. Nd4 Qxg4 20. Nxc6 Bc5 21.
Qe2 Qh4 22. g3 Qh3+ 23. Bg2 Qe6 24. a4 bxa4 25. Rxa4 Rfc8 26. Nd4 Qe8 27. Rc4
Ra7 28. Bh3 Rcc7 29. e6 Bxd4 30. Rxd4 fxe6 31. Bxe6+ Kh8 32. Qd3 Ra8 33. Rh4 h6
34. Bd5 Rd8 35. c4 Qe5 36. Rd4 a5 37. b3 Rcd7 38. Kg2 Rb7 39. Re4 Qb8 40. Re6
Rb6 41. Re7 Rb7 42. Re3 Rb6 43. Qc3 Qa7 44. Rf3 Rg6 45. Rf7 Qb6 46. Rb7 Qc5 47.
Rb5 Rxd5 48. Rxc5 Rxc5 49. Qd3 Rgc6 50. Kh3 a4 51. bxa4 Rxc4 52. Qd8+ Kh7 53.
Qd3+ 1/2-1/2

[Event "22nd ch-EUR Indiv 2022"]
[Site "Terme Catez SLO"]
[Date "2022.04.04"]
[Round "9.31"]
[White "Beliavsky, Alexander G"]
[Black "Indjic, Aleksandar"]
[Result "0-1"]
[WhiteTitle "GM"]
[BlackTitle "GM"]
[WhiteElo "2518"]
[BlackElo "2605"]
[WhiteFideId "14602377"]
[BlackFideId "911925"]
[EventDate "2022.03.27"]

1. d4 d5 2. c4 dxc4 3. e4 b5 4. a4 c6 5. Nc3 a6 6. axb5 cxb5 7. Nxb5 axb5 8.
Rxa8 Bb7 9. Ra1 e6 10. f3 f5 11. e5 Nc6 12. Ne2 Nge7 13. b3 Nd5 14. bxc4 bxc4
15. Bd2 Nxd4 16. Nxd4 Qh4+ 17. g3 Qxd4 18. Qa4+ Kf7 19. Rb1 Nb4 20. Bxc4 Bxf3
21. Bxb4 Qxc4 0-1

[Event "22nd ch-EUR Indiv 2022"]
[Site "Terme Catez SLO"]
[Date "2022.04.04"]
[Round "9.32"]
[White "Sivuk, Vitaly"]
[Black "Moiseenko, Alexander"]
[Result "1-0"]
[WhiteTitle "GM"]
[BlackTitle "GM"]
[WhiteElo "2518"]
[BlackElo "2602"]
[WhiteFideId "14116502"]
[BlackFideId "14102560"]
[EventDate "2022.03.27"]

1. e4 c5 2. Nf3 Nc6 3. Bb5 g6 4. O-O Bg7 5. c3 a6 6. Bxc6 dxc6 7. h3 Qd3 8. Re1
e5 9. Na3 Ne7 10. b3 Be6 11. Ng5 Qd7 12. Qe2 O-O 13. Nc2 h6 14. Nxe6 Qxe6 15.
Ba3 b6 16. Rad1 Rfd8 17. Bb2 a5 18. c4 a4 19. d3 Rd6 20. Bc3 Qd7 21. Rf1 axb3
22. axb3 Rd8 23. Ne1 g5 24. Kh2 Ng6 25. g3 h5 26. Qxh5 Nf4 27. gxf4 Rh6 28. Qxh6
Bxh6 29. fxg5 Bg7 30. Nf3 Ra8 31. Rg1 Ra3 32. g6 f6 33. Nh4 Rxb3 34. Ra1 Qb7 35.
Bd2 Rxd3 36. Be3 Rd8 37. Nf5 Qd7 38. h4 Qd3 39. Ra7 Rd7 40. Ra8+ Rd8 41. Rxd8+
Qxd8 42. h5 Qd3 43. Ra1 Bf8 44. Ra8 Qd1 45. Ne7+ Kg7 46. h6+ 1-0

[Event "22nd ch-EUR Indiv 2022"]
[Site "Terme Catez SLO"]
[Date "2022.04.04"]
[Round "9.33"]
[White "Basso, Pier Luigi"]
[Black "Nasuta, Grzegorz"]
[Result "1/2-1/2"]
[WhiteTitle "GM"]
[BlackTitle "GM"]
[WhiteElo "2600"]
[BlackElo "2518"]
[WhiteFideId "866970"]
[BlackFideId "1141686"]
[EventDate "2022.03.27"]

1. d4 d5 2. c4 c6 3. Nf3 Nf6 4. Qb3 dxc4 5. Qxc4 Bg4 6. Nbd2 Nbd7 7. g3 e6 8.
Bg2 Be7 9. O-O a5 10. Qb3 Nb6 11. a4 O-O 12. Rd1 Bb4 13. h3 Bh5 14. g4 Bg6 15.
Ne5 Nfd7 16. Nxg6 hxg6 17. Nf3 Rc8 18. Bg5 Qc7 19. e3 Rfe8 20. Bf4 Bd6 21. Bxd6
Qxd6 22. Nd2 Qc7 23. Rac1 Nd5 24. Nc4 Rb8 25. Qa3 Red8 26. Nd2 Qb6 27. Nc4 Qc7
28. b3 Nb4 29. e4 Nf6 30. Qb2 b5 31. axb5 cxb5 32. e5 bxc4 33. Rxc4 Qe7 34. exf6
Qxf6 35. Qa3 Nd5 36. Qxa5 Rxb3 37. Bxd5 exd5 38. Rc3 Rxc3 39. Qxc3 Re8 1/2-1/2